000 00704nam a2200289Ia 4500
005 20260324120813.0
008 008 260324s9999 xx 000 0 eng d
020 _a9781315571386
037 _aEBOOK
040 _aCRL
040 _beng
040 _cCRL
041 _2eng
041 _aeng
084 _qCRL
100 _aAnne Bordeleau
_91160033
245 0 _aCharles Robert Cockerell, Architect in Time
245 0 _bReflections around Anachronistic Drawings
260 _bTaylor and Francis
260 _c2014
365 _a
365 _b230
856 _uhttp://www.taylorfrancis.com/books/9781315571386
942 _cEBOOK
999 _c1751746
_d1751746